The Last Word: Musicals II Quiz Stats

 Plays Quiz Updated Apr 15, 2016

Challenge
Share
Tweet
Embed
Score 0/36 Timer 05:00
5 Plays Today
Hint Answer % Correct
Fiddler on the RoofMan
95.1%
Mary PoppinsSugar
94.8%
The King and IYou
93.9%
Mary PoppinsKite
92.1%
Guys and DollsLady
91.7%
Oliver!Food
91.5%
The King and IDance
88.6%
GreaseLightning
87.6%
GodspellDay
87.5%
GreaseDropout
87.3%
Mamma Mia!Know
81.8%
Fiddler on the RoofSunset
81%
GigiWorld
79%
Kiss Me, KateHarry
77.3%
Kiss Me, KateLove
75.6%
Mary PoppinsBirds
73.1%
Oliver!Anything
71.9%
GreaseNights
71.7%
Hint Answer % Correct
HairsprayBeautiful
70.3%
GigiWell
66.6%
Guys and DollsPeck
63.5%
GodspellThee
61.8%
HairsprayBeat
61%
Mamma Mia!Game
58.8%
HairsprayBaltimore
58.5%
Oliver!Yourself
57.2%
42nd StreetMoney
48.2%
42nd StreetBroadway
46.1%
42nd StreetNine
44.4%
Mamma Mia!Trouper
40.1%
Kiss Me, KateHot
37%
The King and ILovers
33.9%
Fiddler on the RoofMiracles
28.6%
Guys and DollsBell
17.7%
GodspellBest
17.1%
GigiAgain
10.8%

You're not logged in!

Compare scores with friends on all Sporcle quizzes.
Join for Free
OR
Log In

You Might Also Like...

Show Comments

Extras

Top Quizzes Today


Score Distribution

Your Account Isn't Verified!

In order to create a playlist on Sporcle, you need to verify the email address you used during registration. Go to your Sporcle Settings to finish the process.

Report this User

Report this user for behavior that violates our Community Guidelines.

Details: